000 00779nam a2200253Ia 4500
003 OSt
005 20220927112139.0
006 a|||||r|||| 00| 0
007 ta
008 220926b |||||||| |||| 00| 0 eng d
024 _a98686
037 _cReports
040 _aRTL
_cRTL
_beng
041 _2eng
_aeng
082 _a"X9(J37:7:84):531.2.N62t, K5/GD"
110 _aGovernment of India. Tarriff (Commission)
_9365179
245 0 _aReport on prices of preserved fruits and vegetable
260 _aDelhi
_bMOP India
_c1965
300 _a"vi, 80p."
_ccm.
650 _aFruit
700 _aGovernment of India. Tarriff (Commission)
_9365180
942 _h"X9(J37:7:84):531.2.N62t, K5/GD"
_cCC
999 _c699866
_d699866